[Event "Sebes GP op"]
[Site "Sebes"]
[Date "2023.11.05"]
[Round "9"]
[White "Kantor, Gergely"]
[Black "Ileana, George"]
[Result "1-0"]
[WhiteElo "2527"]
[BlackElo "2315"]
[PlyCount "99"]
[EventDate "2023.11.04"]
[EventType "swiss"]
[EventRounds "10"]
[EventCountry "ROU"]
[SourceTitle "CB46_2023"]
[SourceDate "2023.11.15"]
[SourceVersion "1"]
[SourceVersionDate "2023.11.15"]
[SourceQuality "1"]

1. d4 d5 2. c4 c6 3. Nf3 Nf6 4. Nc3 a6 5. c5 Bf5 6. Qb3 Ra7 7. Nh4 Bg6 8. Bg5 Nbd7 9. Nxg6 hxg6 10. e4 dxe4 11. g3 e6 12. Bg2 Be7 13. 0-0 0-0 14. Rfd1 Re8 15. Rac1 Qc7 16. Bf4 Qc8 17. Bxe4 Nxe4 18. Nxe4 Nf6 19. Nd6 Bxd6 20. Bxd6 Qd7 21. Qf3 Raa8 22. h4 Red8 23. b3 Ne8 24. Be5 Qd5 25. Qe2 Rd7 26. Rc3 Rad8 27. Re1 Re7 28. Rc4 f6 29. Bf4 Qf5 30. Kg2 Rd5 31. Bb8 Qh5 32. g4 Qh6 33. Bg3 g5 34. Rh1 gxh4 35. Rxh4 Qg6 36. f4 f5 37. g5 Nc7 38. Bf2 Rd8 39. Rc1 Nd5 40. Qe5 Kf7 41. Rch1 Nc3 42. Rh8 Rxh8 43. Rxh8 Nd5 44. Qb8 Nxf4+ 45. Qxf4 Rd7 46. Be3 Ke7 47. Qb8 Qf7 48. Bf4 e5 49. Qxe5+ Qe6 50. Re8+ 1-0

[Event "ROM-chT"]
[Site "Eforie Nord"]
[Date "2023.09.27"]
[Round "7.4"]
[White "Ileana, George"]
[Black "Balog, Imre1111"]
[Result "0-1"]
[WhiteElo "2315"]
[BlackElo "2622"]
[PlyCount "114"]
[EventDate "2023.09.21"]
[EventType "team-tourn"]
[EventRounds "9"]
[EventCountry "ROU"]
[SourceTitle "EXT 2024"]
[Source "ChessBase"]
[SourceDate "2023.10.10"]
[SourceVersion "1"]
[SourceVersionDate "2023.10.10"]
[SourceQuality "1"]
[WhiteTeam "Ineu"]
[BlackTeam "Arad Vados"]
[WhiteTeamCountry "ROU"]
[BlackTeamCountry "ROU"]

1. e4 g6 2. d4 Bg7 3. Nc3 d6 4. Be3 Nf6 5. f3 c6 6. Qd2 b5 7. a3 Qc7 8. h4 Nbd7 9. Nh3 Nb6 10. b3 a6 11. Be2 Bxh3 12. Rxh3 h5 13. a4 b4 14. Nd1 a5 15. Rc1 0-0 16. c3 bxc3 17. Rxc3 Qb7 18. Nf2 Nbd7 19. Nd3 Rfc8 20. Kf2 Ne8 21. Rg3 Rab8 22. Nf4 Nef6 23. Rg5 e5 24. dxe5 Nxe5 25. Qxd6 Neg4+ 26. Kg3 Rd8 27. Qc5 Nd7 28. Qc4 Nge5 29. Qa6 Qb4 30. Rxc6 Nxc6 31. Qxc6 Ne5 32. Qa6 Qxb3 33. Bf2 Ra8 34. Qb5 Qxb5 35. Bxb5 Kh7 36. Bb6 Rd2 37. Nd5 f6 38. Rxe5 fxe5 39. Nc7 Rc8 40. Bxa5 Rb2 41. Ba6 Rd8 42. Nd5 Ra8 43. Bc3 Rb3 44. Bb5 Rc8 45. Bd2 Rc2 46. Bg5 Rbb2 47. Ne3 Rd2 48. Kh3 Ra2 49. g4 Bf8 50. gxh5 gxh5 51. Bc4 Ra3 52. Kg3 Bc5 53. Ng4 Rc2 54. Nf6+ Kg6 55. Bb5 Bf2+ 56. Kh3 Rxf3+ 57. Kg2 Rxf6 0-1

[Event "ROM-chT"]
[Site "Eforie Nord"]
[Date "2023.09.25"]
[Round "5.4"]
[White "Ileana, George"]
[Black "Gavrilescu, David"]
[Result "1-0"]
[WhiteElo "2315"]
[BlackElo "2534"]
[PlyCount "85"]
[EventDate "2023.09.21"]
[EventType "team-tourn"]
[EventRounds "9"]
[EventCountry "ROU"]
[SourceTitle "EXT 2024"]
[Source "ChessBase"]
[SourceDate "2023.10.10"]
[SourceVersion "1"]
[SourceVersionDate "2023.10.10"]
[SourceQuality "1"]
[WhiteTeam "Ineu"]
[BlackTeam "Bucharest ASE"]
[WhiteTeamCountry "ROU"]
[BlackTeamCountry "ROU"]

1. e4 c5 2. Nf3 Nc6 3. d4 cxd4 4. Nxd4 Nf6 5. Nc3 d6 6. Be2 e5 7. Nb3 Be7 8. 0-0 0-0 9. Be3 Be6 10. Bf3 a5 11. a4 Nb4 12. Qe2 Qc7 13. Rfd1 Bc4 14. Qd2 Rfd8 15. Nb5 Bxb5 16. axb5 d5 17. Qc3 Qxc3 18. bxc3 Nxc2 19. Rxa5 Nxe3 20. fxe3 dxe4 21. Rxd8+ Rxd8 22. Be2 Nd5 23. c4 Nc3 24. Kf1 Bg5 25. Ra7 b6 26. c5 Bxe3 27. c6 g6 28. g3 h5 29. Rb7 Kg7 30. h4 Nxe2 31. Kxe2 Rd3 32. Nc5 Bxc5 33. c7 Re3+ 34. Kd2 Rxg3 35. c8Q e3+ 36. Kd3 e4+ 37. Kc4 Rg1 38. Qe8 Rc1+ 39. Kd5 Rf1 40. Rb8 Rd1+ 41. Kxe4 Rd4+ 42. Kf3 Kf6 43. Rb7 1-0

[Event "ROM-chT Blitz"]
[Site "Sebes"]
[Date "2022.12.04"]
[Round "8.7"]
[White "Itkis, Boris"]
[Black "Ileana, George"]
[Result "0-1"]
[WhiteElo "2329"]
[BlackElo "2343"]
[PlyCount "86"]
[EventDate "2022.12.04"]
[EventType "team-swiss (blitz)"]
[EventRounds "8"]
[EventCountry "ROU"]
[SourceTitle "CBM 211 Extra"]
[Source "ChessBase"]
[SourceDate "2023.01.31"]
[SourceVersion "1"]
[SourceVersionDate "2023.01.31"]
[SourceQuality "1"]
[WhiteTeam "Techirghiol Victoria"]
[BlackTeam "Alba Iulia Unirea"]
[WhiteTeamCountry "ROU"]
[BlackTeamCountry "ROU"]

1. Nf3 Nf6 2. c4 e6 3. Nc3 d5 4. d4 Be7 5. Bg5 0-0 6. e3 h6 7. Bh4 b6 8. Qb3 Bb7 9. Bxf6 Bxf6 10. cxd5 exd5 11. Rd1 c6 12. Be2 Re8 13. 0-0 Nd7 14. Rfe1 g6 15. Bf1 Bg7 16. g3 Nf6 17. Bg2 Rc8 18. a3 Qe7 19. Ne5 Nd7 20. Nd3 Qd6 21. Nf4 h5 22. e4 dxe4 23. Nxe4 Qc7 24. Nxg6 c5 25. Nf4 cxd4 26. Nxh5 Bxe4 27. Bxe4 Qc5 28. Nxg7 Kxg7 29. Qd5 Nf6 30. Qxc5 bxc5 31. f3 Rb8 32. Rd2 Nxe4 33. fxe4 Kf6 34. Kf2 Ke5 35. Rc1 Rec8 36. Rcd1 Rc7 37. b4 cxb4 38. Rxd4 b3 39. Rd5+ Ke6 40. Rb1 Rc2+ 41. Ke3 b2 42. Rd2 Rc3+ 43. Rd3 Rc1 0-1

[Event "ROM-chT Rapid"]
[Site "Sebes"]
[Date "2022.12.03"]
[Round "8.14"]
[White "Ileana, George"]
[Black "Nevednichy, Vladislav"]
[Result "1/2-1/2"]
[WhiteElo "2343"]
[BlackElo "2502"]
[PlyCount "120"]
[EventDate "2022.12.03"]
[EventType "team-swiss (rapid)"]
[EventRounds "8"]
[EventCountry "ROU"]
[SourceTitle "CBM 211 Extra"]
[Source "ChessBase"]
[SourceDate "2023.01.31"]
[SourceVersion "1"]
[SourceVersionDate "2023.01.31"]
[SourceQuality "1"]
[WhiteTeam "Alba Iulia Unirea"]
[BlackTeam "Iasi Politehnica"]
[WhiteTeamCountry "ROU"]
[BlackTeamCountry "ROU"]

1. e4 c5 2. Nf3 Nc6 3. d4 cxd4 4. Nxd4 Nf6 5. Nc3 d6 6. Be2 g6 7. 0-0 Bg7 8. Be3 0-0 9. h3 d5 10. exd5 Nxd5 11. Nxd5 Nxd4 12. Bxd4 Qxd5 13. Bxg7 Qxd1 14. Raxd1 Kxg7 15. Bf3 Rb8 16. Rfe1 Be6 17. Bd5 Bxd5 18. Rxd5 e6 19. Rd7 Kf6 20. Red1 Rfc8 21. c3 g5 22. R1d4 a5 23. f4 h6 24. fxg5+ hxg5 25. h4 gxh4 26. Rf4+ Ke5 27. Rdxf7 Rh8 28. Rf3 b5 29. Re3+ Kd6 30. Rf4 Rh5 31. Kh2 b4 32. c4 Rg8 33. Rd4+ Kc5 34. Rde4 Rg6 35. b3 Kd6 36. Re2 a4 37. Rd4+ Kc5 38. Rd8 a3 39. Rb8 Kd4 40. Rxb4 Kd3 41. Rf2 e5 42. Rb5 Rhg5 43. Rd5+ Ke3 44. Rdd2 e4 45. Rfe2+ Kf4 46. Rd4 Re5 47. b4 h3 48. Rd8 Rxg2+ 49. Rxg2 hxg2 50. Kxg2 e3 51. Kf1 Rh5 52. Rf8+ Ke4 53. Re8+ Kd3 54. Rd8+ Kxc4 55. Ke2 Rh2+ 56. Kxe3 Rxa2 57. b5 Rb2 58. Ra8 a2 59. b6 Rxb6 60. Rxa2 Re6+ 1/2-1/2

[Event "ROM-chT Rapid"]
[Site "Sebes"]
[Date "2022.12.03"]
[Round "6.2"]
[White "Jianu, Vlad Cristian"]
[Black "Ileana, George"]
[Result "1/2-1/2"]
[WhiteElo "2518"]
[BlackElo "2343"]
[PlyCount "94"]
[EventDate "2022.12.03"]
[EventType "team-swiss (rapid)"]
[EventRounds "8"]
[EventCountry "ROU"]
[SourceTitle "CBM 211 Extra"]
[Source "ChessBase"]
[SourceDate "2023.01.31"]
[SourceVersion "1"]
[SourceVersionDate "2023.01.31"]
[SourceQuality "1"]
[WhiteTeam "Superbet ASE"]
[BlackTeam "Alba Iulia Unirea"]
[WhiteTeamCountry "ROU"]
[BlackTeamCountry "ROU"]

1. d4 d5 2. c4 c6 3. Nc3 Nf6 4. e3 g6 5. Nf3 Bg7 6. Be2 0-0 7. 0-0 Bg4 8. cxd5 Nxd5 9. Qb3 Nxc3 10. bxc3 Qb6 11. Ba3 Qxb3 12. axb3 Re8 13. h3 Bxf3 14. Bxf3 Nd7 15. Rfd1 e5 16. d5 c5 17. e4 Bf8 18. d6 b6 19. b4 Red8 20. bxc5 Nxc5 21. Bxc5 bxc5 22. Ra6 Rab8 23. Be2 Rb7 24. g3 Rbd7 25. Bb5 Rxd6 26. Rdxd6 Rxd6 27. Rxa7 Rf6 28. Bc4 h5 29. Rd7 Kg7 30. Kg2 h4 31. gxh4 Rf4 32. f3 Rf6 33. Kf2 Rf4 34. Ke2 Rf6 35. Rd5 Bd6 36. Bb5 Kf8 37. f4 Be7 38. fxe5 Rf4 39. Bd7 Rxe4+ 40. Kd3 Re1 41. Bg4 Bxh4 42. Rxc5 Bg3 43. Be2 Kg7 44. c4 Rh1 45. Bg4 Re1 46. Be2 Rh1 47. Bg4 Re1 1/2-1/2

[Event "Cluj Napocensis Rapid op 40th"]
[Site "Cluj"]
[Date "2022.06.18"]
[Round "1"]
[White "Kedves, Lorand"]
[Black "Ileana, George"]
[Result "0-1"]
[WhiteElo "1607"]
[BlackElo "2032"]
[PlyCount "96"]
[EventDate "2022.06.18"]
[EventType "swiss (rapid)"]
[EventRounds "7"]
[EventCountry "ROU"]
[SourceTitle "EXT 2024"]
[Source "ChessBase"]
[SourceDate "2023.10.10"]
[SourceVersion "1"]
[SourceVersionDate "2023.10.10"]
[SourceQuality "1"]

1. d4 Nf6 2. Bf4 e6 3. e3 d5 4. Nf3 c5 5. c3 Nc6 6. h3 Qb6 7. Qb3 Be7 8. Qxb6 axb6 9. Nbd2 0-0 10. Bd3 c4 11. Bc2 b5 12. 0-0 b4 13. Ne5 bxc3 14. Nxc6 bxc6 15. bxc3 Ra3 16. Nb1 Ra7 17. Nd2 Bd7 18. a4 c5 19. Rfb1 cxd4 20. exd4 Rfa8 21. Rb8+ Rxb8 22. Bxb8 Ra8 23. Be5 Bd8 24. f3 Ba5 25. Ra3 Ra7 26. Ra2 Bxc3 27. Nb1 Ba5 28. Na3 Rb7 29. Bd6 Ne8 30. Bc5 Nc7 31. Ra1 Na6 32. Bd6 f6 33. Rb1 Rxb1+ 34. Nxb1 Bb6 35. Bc5 Nxc5 36. dxc5 Bxc5+ 37. Kf1 Bb4 38. Ke2 Kf7 39. Nd2 h6 40. Nf1 Ke7 41. Ke3 Kd6 42. Ng3 Be8 43. Ne2 e5 44. f4 d4+ 45. Kf3 d3 46. fxe5+ fxe5 47. Bxd3 cxd3 48. Nc1 d2 0-1

[Event "ROM-chT"]
[Site "Mamaia"]
[Date "2021.10.09"]
[Round "10.1"]
[White "Ileana, George"]
[Black "Ghimpu, Samuel Timotei"]
[Result "0-1"]
[WhiteElo "2304"]
[BlackElo "2431"]
[PlyCount "130"]
[EventDate "2021.10.02"]
[EventType "team-tourn"]
[EventRounds "11"]
[EventCountry "ROU"]
[SourceTitle "CBM 204 Extra"]
[Source "ChessBase"]
[SourceDate "2021.11.30"]
[SourceVersion "1"]
[SourceVersionDate "2021.11.30"]
[SourceQuality "1"]
[WhiteTeam "Baia Mare Municipiului"]
[BlackTeam "Arad Vados"]
[WhiteTeamCountry "ROU"]
[BlackTeamCountry "ROU"]

1. e4 c6 2. Nf3 d5 3. d3 dxe4 4. dxe4 Qxd1+ 5. Kxd1 Nf6 6. Nbd2 Bg4 7. Bd3 Nbd7 8. h3 Bxf3+ 9. Nxf3 Nc5 10. e5 Nxd3 11. cxd3 Nd7 12. Ke2 e6 13. Be3 Bc5 14. h4 f6 15. d4 Bb6 16. h5 h6 17. Rh4 0-0 18. exf6 Rxf6 19. g4 Re8 20. Ne5 Nxe5 21. dxe5 Rf7 22. Rd1 Ref8 23. Rh2 Bxe3 24. fxe3 Rf3 25. Rg1 Kh7 26. Rgg2 Rf1 27. Kd3 Rd8+ 28. Ke4 Rd5 29. Rf2 Rxf2 30. Rxf2 Kg8 31. b4 Rb5 32. a3 a5 33. bxa5 Rxa5 34. Rb2 Ra4+ 35. Kf3 b5 36. Rc2 Ra6 37. Ke4 Kf7 38. Rc3 Ke7 39. Kf4 Kd7 40. Rd3+ Ke7 41. Rc3 Ra4+ 42. Kf3 Kd7 43. Rd3+ Ke7 44. Rc3 Kd7 45. Rd3+ Kc7 46. Rd6 Rxa3 47. Rxe6 b4 48. Re7+ Kb6 49. Re8 Ra7 50. Ke4 Rb7 51. Kd4 b3 52. Kc3 Kc5 53. Kb2 Kd5 54. Rc8 c5 55. e4+ Kc4 56. e6 Ra7 57. Rb8 Ra2+ 58. Kc1 Kc3 59. Kd1 Ra7 60. e5 b2 61. Ke2 Kc2 62. Ke3 b1Q 63. Rxb1 Kxb1 64. Ke4 c4 65. Kd4 Rc7 0-1

[Event "ROM-chT"]
[Site "Mamaia"]
[Date "2021.10.08"]
[Round "9.5"]
[White "Andronescu, Madalin"]
[Black "Ileana, George"]
[Result "0-1"]
[WhiteElo "2055"]
[BlackElo "2304"]
[PlyCount "62"]
[EventDate "2021.10.02"]
[EventType "team-tourn"]
[EventRounds "11"]
[EventCountry "ROU"]
[SourceTitle "CBM 204 Extra"]
[Source "ChessBase"]
[SourceDate "2021.11.30"]
[SourceVersion "1"]
[SourceVersionDate "2021.11.30"]
[SourceQuality "1"]
[WhiteTeam "Buzau Phoenix"]
[BlackTeam "Baia Mare Municipiului"]
[WhiteTeamCountry "ROU"]
[BlackTeamCountry "ROU"]

1. e4 c5 2. Nf3 a6 3. d4 cxd4 4. Nxd4 Nf6 5. Nc3 e5 6. Nf3 Bb4 7. Bd2 Nc6 8. Bc4 0-0 9. 0-0 d6 10. Nd5 Bxd2 11. Nxd2 Be6 12. Nxf6+ Qxf6 13. Bxe6 Qxe6 14. Qe2 Rfd8 15. Nc4 Nd4 16. Qd3 d5 17. exd5 Rxd5 18. Rae1 Rad8 19. c3 Nc6 20. Qe4 f5 21. Qb1 Rd3 22. b3 b5 23. Ne3 f4 24. Rd1 e4 25. Rxd3 exd3 26. Nd1 f3 27. Ne3 fxg2 28. Rd1 Ne5 29. Kxg2 Qc6+ 30. Kg1 Nf3+ 31. Kf1 Nd2+ 0-1

[Event "ROM-chT"]
[Site "Mamaia"]
[Date "2021.10.04"]
[Round "3.3"]
[White "Ileana, George"]
[Black "Ciorgovean, Iustin"]
[Result "1-0"]
[WhiteElo "2304"]
[BlackElo "2305"]
[PlyCount "85"]
[EventDate "2021.10.02"]
[EventType "team-tourn"]
[EventRounds "11"]
[EventCountry "ROU"]
[SourceTitle "CBM 204 Extra"]
[Source "ChessBase"]
[SourceDate "2021.11.30"]
[SourceVersion "1"]
[SourceVersionDate "2021.11.30"]
[SourceQuality "1"]
[WhiteTeam "Baia Mare Municipiului"]
[BlackTeam "Timisoara Vest Univ"]
[WhiteTeamCountry "ROU"]
[BlackTeamCountry "ROU"]

1. e4 c5 2. Nf3 d6 3. d4 cxd4 4. Nxd4 Nf6 5. Nc3 a6 6. Rg1 b5 7. g4 Bb7 8. f3 h6 9. Be3 e6 10. h4 b4 11. Nce2 e5 12. Nb3 d5 13. g5 Nh5 14. exd5 Bxd5 15. Qd3 Be6 16. Qxd8+ Kxd8 17. f4 Nc6 18. Bg2 Rc8 19. 0-0-0+ Kc7 20. fxe5 Nxe5 21. Nc5 Bc4 22. Rge1 hxg5 23. hxg5 f6 24. b3 Bxc5 25. Bxc5 Bxe2 26. Rxe2 Nf4 27. Rf2 Nxg2 28. Rxg2 a5 29. gxf6 gxf6 30. Rd6 Rcg8 31. Rgd2 Nf3 32. Rd1 Rh5 33. Bb6+ Kb7 34. Rxf6 Rg7 35. Be3 Nh4 36. Rb6+ Kc7 37. Ra6 Rgh7 38. Bf4+ Kb7 39. Rdd6 Ng2 40. Rdb6+ Kc8 41. Ra8+ Kd7 42. Ra7+ Kc8 43. Rb8# 1-0

[Event "ROM-chT"]
[Site "Mamaia"]
[Date "2021.10.03"]
[Round "2.3"]
[White "Calin, Alexandru"]
[Black "Ileana, George"]
[Result "1/2-1/2"]
[WhiteElo "2123"]
[BlackElo "2304"]
[PlyCount "92"]
[EventDate "2021.10.02"]
[EventType "team-tourn"]
[EventRounds "11"]
[EventCountry "ROU"]
[SourceTitle "CBM 204 Extra"]
[Source "ChessBase"]
[SourceDate "2021.11.30"]
[SourceVersion "1"]
[SourceVersionDate "2021.11.30"]
[SourceQuality "1"]
[WhiteTeam "Techirghiol Victoria"]
[BlackTeam "Baia Mare Municipiului"]
[WhiteTeamCountry "ROU"]
[BlackTeamCountry "ROU"]

1. d4 Nf6 2. Bg5 c6 3. Bxf6 exf6 4. e3 d5 5. g3 Bd6 6. Bg2 f5 7. Ne2 Nd7 8. 0-0 Nf6 9. Qd3 Be6 10. b3 0-0 11. c4 Rc8 12. Nbc3 Bb8 13. Rac1 g6 14. a4 h5 15. h4 Ne4 16. cxd5 cxd5 17. Nf4 Bxf4 18. exf4 Qb6 19. Ne2 Qb4 20. Rfd1 a6 21. Qe3 b5 22. axb5 Qxb5 23. Nc3 Nxc3 24. Rxc3 Rxc3 25. Qxc3 Rc8 26. Qd3 Qa5 27. Bf1 Rc6 28. Qd2 Qxd2 29. Rxd2 Rb6 30. Ra2 Rxb3 31. Bxa6 Rb4 32. Rd2 Kf8 33. Kg2 Ke7 34. Kf3 Bd7 35. Ke2 Ba4 36. Ke3 Kd6 37. Bd3 Kc6 38. Ra2 Kb6 39. Ra3 Ka5 40. Rc3 Rb3 41. Rxb3 Bxb3 42. Kd2 Kb4 43. Ba6 Bc4 44. Bb7 Kb5 45. Kc3 Kb6 46. Ba8 Ba2 1/2-1/2

[Event "ROM-chT"]
[Site "Mamaia"]
[Date "2019.09.24"]
[Round "4.3"]
[White "Ileana, George"]
[Black "Costachi, Mihnea"]
[Result "1/2-1/2"]
[WhiteElo "2349"]
[BlackElo "2463"]
[PlyCount "49"]
[EventDate "2019.09.21"]
[EventType "team-tourn"]
[EventRounds "9"]
[EventCountry "ROU"]
[SourceTitle "EXT 2020"]
[Source "ChessBase"]
[SourceDate "2019.10.17"]
[SourceVersion "1"]
[SourceVersionDate "2019.10.17"]
[SourceQuality "1"]
[WhiteTeam "Techirghiol Victoria"]
[BlackTeam "Iasi Politehnica"]
[WhiteTeamCountry "ROU"]
[BlackTeamCountry "ROU"]

1. e4 e5 2. Nf3 Nc6 3. Bb5 Nf6 4. 0-0 Nxe4 5. d4 Nd6 6. Bxc6 dxc6 7. dxe5 Nf5 8. Qxd8+ Kxd8 9. Rd1+ Ke8 10. Nc3 Be7 11. Bg5 Bxg5 12. Nxg5 h6 13. Nf3 Be6 14. b3 Rd8 15. Rxd8+ Kxd8 16. Rd1+ Kc8 17. Kf1 g5 18. h3 Re8 19. Ne4 Bd5 20. Re1 Bxe4 21. Rxe4 Nd6 22. Re3 Nf5 23. Re4 Nd6 24. Re1 Nf5 25. Re4 1/2-1/2

[Event "Arad op 12th"]
[Site "Arad"]
[Date "2019.07.26"]
[Round "4"]
[White "Ileana, George"]
[Black "Macovei, Andrei"]
[Result "1/2-1/2"]
[WhiteElo "2344"]
[BlackElo "2424"]
[PlyCount "95"]
[EventDate "2019.07.24"]
[EventType "swiss"]
[EventRounds "9"]
[EventCountry "ROU"]
[SourceTitle "CBM 191 Extra"]
[Source "ChessBase"]
[SourceDate "2019.09.30"]
[SourceVersion "1"]
[SourceVersionDate "2019.09.30"]
[SourceQuality "1"]

1. e4 c5 2. Nf3 d6 3. d4 cxd4 4. Nxd4 Nf6 5. Nc3 a6 6. Bg5 e6 7. f4 h6 8. Bh4 Qb6 9. a3 Be7 10. Bf2 Qc7 11. Qf3 b5 12. 0-0-0 Nbd7 13. g4 Bb7 14. Bd3 Nc5 15. Rhe1 d5 16. e5 Nfe4 17. Bxe4 Nxe4 18. Nxe4 dxe4 19. Qg3 Rc8 20. Kb1 Bd5 21. Re3 Qc4 22. Rb3 Bc5 23. Qc3 Bxd4 24. Bxd4 g5 25. Be3 Qxc3 26. Rxc3 Rxc3 27. bxc3 h5 28. fxg5 hxg4 29. Bf4 Rh3 30. Bg3 Kf8 31. Kc1 Rh5 32. Bf4 Kg7 33. Kd2 Rh8 34. Rf1 Bc4 35. Rf2 Rd8+ 36. Ke1 Kg6 37. Be3 Kg7 38. Rf6 a5 39. Rh6 a4 40. Rh4 Rh8 41. Rh6 Rd8 42. Kf2 Rh8 43. Bf4 Rxh6 44. gxh6+ Kg6 45. Ke3 f5 46. exf6 Kxf6 47. Kxe4 Kg6 48. h7 1/2-1/2

[Event "EU-chT U18 "]
[Site "Pardubice"]
[Date "2019.07.14"]
[Round "4.3"]
[White "Ileana, George"]
[Black "Haring, Filip"]
[Result "1-0"]
[WhiteElo "2344"]
[BlackElo "2334"]
[PlyCount "61"]
[EventDate "2019.07.11"]
[EventType "team-swiss"]
[EventRounds "7"]
[EventCountry "CZE"]
[SourceTitle "CBM 191 Extra"]
[Source "ChessBase"]
[SourceDate "2019.09.30"]
[SourceVersion "1"]
[SourceVersionDate "2019.09.30"]
[SourceQuality "1"]
[WhiteTeam "Romania U18"]
[BlackTeam "Slovakia U18"]
[WhiteTeamCountry "ROU"]
[BlackTeamCountry "SVK"]

1. e4 c5 2. Nf3 e6 3. d4 cxd4 4. Nxd4 Nc6 5. Nc3 Qc7 6. Be3 Nf6 7. Qf3 Bb4 8. Ndb5 Qa5 9. 0-0-0 0-0 10. a3 Be7 11. Nd6 b5 12. Bxb5 Rb8 13. Nc4 Qc7 14. e5 Nxe5 15. Nxe5 Bb7 16. Qf4 d6 17. Ng4 Nh5 18. Qc4 Qxc4 19. Bxc4 Bxg2 20. Rhg1 Bf3 21. Rd3 f5 22. Bxe6+ Kh8 23. Bxa7 Bxg4 24. Bxb8 Nf4 25. Ba7 Nxe6 26. Nd5 Bg5+ 27. Be3 Bh4 28. Nf4 Ng5 29. h3 Bf3 30. Ng6+ hxg6 31. Bxg5 1-0